| 000 | 00543nam a2200193Ia 4500 | ||
|---|---|---|---|
| 005 | 20250423095257.0 | ||
| 008 | 250422s9999 xx 000 0 und d | ||
| 020 | _a9781975106652 | ||
| 050 | _aRD 31 .P48/ | ||
| 100 | _aEdited by Peter F. Lawrence, Jessica Beth O’Connel, Matthew, R. Smeds | ||
| 245 | 0 | _aEssentials of general surgery and surgical specialties | |
| 250 | _a6th ed. | ||
| 260 | _aNew York | ||
| 260 | _bWolters Kluwer | ||
| 260 | _c2019 | ||
| 300 | _a747 p | ||
| 650 | _aSurgical Procedures, Operative | ||
| 942 | _cBK | ||
| 999 |
_c29782 _d29782 |
||